Europa
محفوظ في:
| التنسيق: | كتاب |
|---|---|
| اللغة: | الإسبانية |
| منشور في: |
Madrid
Cultural
2006
|
| سلاسل: | Maravillas del Mundo: Grandes Civilizaciones, 9
|
| الموضوعات: | |
| الوسوم: |
إضافة وسم
لا توجد وسوم, كن أول من يضع وسما على هذه التسجيلة!
|
MARC
| LEADER | 00000nam a2200000 a 4500 | ||
|---|---|---|---|
| 001 | UCG3642 | ||
| 003 | CL-VaPUC | ||
| 008 | 100909e20060000SP |||||||||||||||||spa|d | ||
| 020 | |a 8480558199 | ||
| 082 | 0 | 4 | |a 911.94 |b EUR |2 21 |
| 245 | 1 | 0 | |a Europa |
| 300 | |a 172 p | ||
| 942 | |c BK | ||
| 945 | |d 20100909 00:00:00 |a mfarfan | ||
| 260 | |a Madrid |b Cultural |c 2006 | ||
| 650 | 0 | |a Geografía histórica |9 267532 | |
| 650 | 0 | |a Geografía |9 259346 | |
| 651 | 0 | |a Europa |9 255156 | |
| 583 | |a last modification |c 20100909 00:00:00 |k Rodrigo Vera | ||
| 490 | 0 | |a Maravillas del Mundo: Grandes Civilizaciones, 9 | |
| 999 | |c 342689 |d 342687 | ||